Vista normal
Vista MARC
Entrada Personal Name
Número de registros utilizados en: 1
001 - CONTROL NUMBER
- control field: 7955
003 - CONTROL NUMBER IDENTIFIER
- control field: OSt
005 - DATE AND TIME OF LATEST TRANSACTION
- control field: 20200728115524.0
008 - FIXED-LENGTH DATA ELEMENTS
- fixed length control field: 200728|| aca||aabn | a|a d
040 ## - CATALOGING SOURCE
- Original cataloging agency: OSt
- Transcribing agency: OSt
100 ## - HEADING--PERSONAL NAME
- Personal name: Carreño, Pedro María
670 ## - SOURCE DATA FOUND
- Source citation: Work cat.: (OSt)5881: Carreño, Pedro María, autor, Protocolo de Rio de Janeiro / , 1934